00552 2200229 4500001002100000005001500021008004100036020001800077035002500095041000800120082001000128090001000138100002400148245002200172250001600194260003700210300002500247500000700272650000900279650001800288700001600306INLIS00000000001642920130516030545 ind  a979-3084-45-6 a0010-051300000016429 aind a639.3 a639.3 aOentie, Agoes Tiana aBudi Daya Koi c.3 aCetakan : 1 aJakartabArgomedia Pustakac2002 ax, 70 hlm. ;23.5 cm. a67 aIkan aPembudidayaan aMurhananto,